Curso de conferencias sobre la política africana de los Reyes Católicos. (Record no. 186025)

MARC details
000 -LEADER
campo de control de longitud fija 00486nam a2200145 i 4500
001 - NÚMERO DE CONTROL
campo de control 186025
003 - IDENTIFICADOR DE NÚMERO DE CONTROL
campo de control ES-MaACL
005 - FECHA Y HORA DE LA ÚLTIMA TRANSACCIÓN
campo de control 20230906222551.0
008 - DATOS DE LONGITUD FIJA--INFORMACIÓN GENERAL
campo de control de longitud fija 160905s1951 sp |||| | spa d
245 00 - MENCIÓN DEL TÍTULO
Título Curso de conferencias sobre la política africana de los Reyes Católicos.
260 ## - PUBLICACIÓN, DISTRIBUCIÓN, ETC.
Lugar de publicación, distribución, etc. Madrid :
Nombre del editor, distribuidor, etc. Instituto de Estudios Africanos,
Fecha de publicación, distribución, etc. 1951.
300 ## - DESCRIPCIÓN FÍSICA
Extensión 3 v. :
Otras características físicas il. ;
Dimensiones 24 cm.
651 ## - PUNTO DE ACCESO ADICIONAL DE MATERIA--NOMBRE GEOGRÁFICO
Nombre geográfico España-
Subdivisión general Historia-
Subdivisión cronológica 1474-1516, Reyes Católicos.
9 (RLIN) 8222
852 ## - LOCALIZACIÓN
Ubicación ES-MaACL
Número de control de estantería E-4553-55
Holdings
Estatus retirado Estado de pérdida Estado de daño No para préstamo Biblioteca de origen Biblioteca actual Ubicación en estantería Fecha de adquisición Fuente de adquisición Total de préstamos Signatura topográfica completa Código de barras Visto por última vez Precio de reemplazo Tipo de ítem Koha
        Biblioteca del Ateneo de Madrid Biblioteca del Ateneo de Madrid Depósito 2 05/09/2016     E-4553-55 1196120 23/02/2023 23/02/2023 Libro impreso